Meditaciones sobre los misterios de la pasión de N. Señor Jesucristo

Salvato in:
Dettagli Bibliografici
Autore principale: Ignacio de Loyola, Santo 1491-1556 (Autore)
Natura: Libro
Lingua:spagnolo
Pubblicazione: Santiago Imprenta de la Revista Católica 1900
Soggetti:
Tags: Aggiungi Tag
Nessun Tag, puoi essere il primo ad aggiungerne!!

MARC

LEADER 00000cam a2200000 a 4500
001 UCD1017
003 CL-VaPUC
008 151231e19000000cl |||||||||||||||||spa|d
082 0 4 |a 248.34  |b IGN  |2 21 
100 |a Ignacio de Loyola, Santo  |d 1491-1556  |e author  |9 392145 
245 1 0 |a Meditaciones sobre los misterios de la pasión de N. Señor Jesucristo 
300 |a 328 p 
942 |c BK 
945 |d 20151231 00:35:00  |a gsalatino 
260 |a Santiago  |b Imprenta de la Revista Católica  |c 1900 
650 0 |a Espiritualidad   |9 267331 
650 0 |a Creencias religiosas   |9 373391 
650 7 |a MEDITACION  |2 CL-VaPUC  |9 313094 
583 |a last modification  |c 20151231 00:35:00  |k Rodrigo Vera 
999 |c 362447  |d 362445 
952 |0 0  |1 0  |3 erd  |4 0  |6 248_340000000000000_IGN_1900  |7 0  |8 P  |9 473720  |a BIBTEO  |b BIBTES  |c TEO_FTES  |i 5275393  |o 248.34 IGN 1900  |p 5275393  |r 2024-01-18  |w 2019-11-24  |y BK  |z Catalogado en:20151231  |k ICR